SOIL TESTING FOR ENGINEERING (Record no. 583635)

000 -LEADER
fixed length control field 00277nam a22001217a 4500
020 ## - INTERNATIONAL STANDARD BOOK NUMBER
International Standard Book Number 0-471-51183-8
082 ## - DEWEY DECIMAL CLASSIFICATION NUMBER
Classification number 631.4 LAM'S
100 ## - MAIN ENTRY--PERSONAL NAME
Personal name LAMBE, T. W
9 (RLIN) 78525
245 ## - TITLE STATEMENT
Title SOIL TESTING FOR ENGINEERING
260 ## - PUBLICATION, DISTRIBUTION, ETC.
Place of publication, distribution, etc. NEWYORK
Name of publisher, distributor, etc. JOHN WILEY
Date of publication, distribution, etc. 1951
300 ## - PHYSICAL DESCRIPTION
Extent 165P
942 ## - ADDED ENTRY ELEMENTS (KOHA)
Koha item type Book
Holdings
Withdrawn status Lost status Damaged status Not for loan Permanent Location Current Location Shelving location Date acquired Total Checkouts Full call number Barcode Date last seen Price effective from Koha item type
        College of Electrical & Mechanical Engineering (CEME) College of Electrical & Mechanical Engineering (CEME) General Stacks 06/16/2017   631.4 LAM'S CEME-8034 06/28/2021 06/28/2021 Book
© 2023 Central Library, National University of Sciences and Technology. All Rights Reserved.